Précis élémentaire de droit musulman : Mis à jour avec la jurisprudence la plus récente /

محفوظ في:

المؤلف الرئيسي: Duclos, Marcel (مؤلف)

التنسيق: كتاب

اللغة: French

منشور في: Alger : La maison de livres, [1940].

الطبعة: 3. éd.

الموضوعات:

الوسوم: إضافة وسم

لا توجد وسوم, كن أول من يضع وسما على هذه التسجيلة!

رقم الطلب: BP144 .D8 1940

LEADER 00757nam a22002531 4500
001 1453
003 OSt
005 20250924112949.0
008 130303q1940 ae 000 0 fre d
035 |a tmp00550878 
040 |c ARCE Library 
043 |a f-ae--- 
049 |a EARC 
050 4 |a BP144 .D8 1940 
100 1 |a Duclos, Marcel,  |e author  |9 29271 
245 1 0 |a Précis élémentaire de droit musulman :   |b Mis à jour avec la jurisprudence la plus récente /   |c Marcel Duclos. 
250 |a 3. éd. 
264 1 |a Alger :  |b La maison de livres,   |c [1940]. 
300 |a 3 preliminary leaves, vi pages, 1 leaf, 517, [1] pages ;   |c 26 cm. 
650 0 |a Islamic law  |z Algeria. 
650 0 |a Islamic law. 
901 |a reviewed 
942 |c BK  |2 lcc 
999 |c 2416  |d 2416